Development prospects of the capital-surplus oil-exportin countries.

Kaydedildi:
Detaylı Bibliyografya
Yazar: Hablutzel, Rudolf (autor)
Materyal Türü: Kitap
Dil:İngilizce
Seri Bilgileri:(World Staff Working Paper ; no. 483)
Konular:
Etiketler: Etiketle
Etiket eklenmemiş, İlk siz ekleyin!

MARC

LEADER 00000cam^a2200000uu^4500
001 000471170
005 20250521000000.0
008 050901s^^^^^^^^^^^^^^^^rd^r^^000^0^eng^d
009 20260310124618.637
035 |a FCE 000013958 
035 |a FCE 003536 
037 |a Acervo ITESO - Biblioteca 
041 |a eng 
082 0 4 |a 082.1  |b WBP 483 
100 |a Hablutzel, Rudolf  |e (autor) 
245 1 0 |a Development prospects of the capital-surplus oil-exportin countries. 
264 |a Washington :  |b The World Bank,  |c 1981. 
300 |a 53 p. 
336 |a texto  |b txt  |2 rdacontenido 
337 |a sin mediación  |b n  |2 rdamedio 
338 |a volumen  |b nc  |2 rdasoporte 
440 0 |a (World Staff Working Paper ;  |v no. 483) 
649 |a XX 
650 |a Desarrollo 
650 |a Petróleo 
650 |a Países Árabes 
910 |a Fondo Centro de Estudios Educativos 
920 |a Impresos - Libros 
930 |a Fondos Especiales 
905 |a 133 
901 |a ALE003536  |b IT2  |c CEE  |u 20250521 
902 |a https://opac.biblio.iteso.mx/vufind/Record/000471170